| 000 | 004400000a22001810004500 | ||
|---|---|---|---|
| 999 |
_c48431 _d48431 |
||
| 001 | 1260 | ||
| 003 | CO-MdFUSB | ||
| 005 | 20180410144610.0 | ||
| 008 | 180410b xxu||||| |||| 00| 0 eng d | ||
| 020 | _a0-00-710616-5 | ||
| 040 | _cCO-MdBIC | ||
| 082 | 0 | 4 | _a813C C192d |
| 100 | 1 | _aCarle, Eric | |
| 245 | 1 | 0 | _aDoes a Kangaroo have a mother,too? / Eric Carle |
| 260 | _aUSA : Harper Collins | ||
| 300 | _a28 Pag. / 30 cm. | ||
| 942 | _cLGB | ||